Staff development & educational change /

Bibliographic Details
Corporate Authors: National Teacher Corps (U.S.), Association of Teacher Educators
Other Authors: Houston, W. Robert, Pankratz, Roger
Format: Book
Language:English
Published: Reston, Va. : Association of Teacher Educators, 1980.
Subjects:

MARC

Tag First Indicator Second Indicator Subfields
LEADER 00000cam a2200000 a 4500
001 in00000071873
005 20151008062433.0
008 810107s1980 vauab b 00000 engm
010 |a  80068586  
035 |a (OCoLC)07012981 
035 |9 AAK0223AM 
040 |a DLC  |c DLC  |d m.c.  |d TXA  |d UtOrBLW 
043 |a n-us--- 
049 |a TXAM  |c [1442033] 
050 0 0 |a LB1731  |b .S7118 
082 0 |a 371.1/46  |2 19 
245 0 0 |a Staff development & educational change /  |c edited by W. Robert Houston & Roger Pankratz ; developed by Teacher Corps. 
264 1 |a Reston, Va. :  |b Association of Teacher Educators,  |c 1980. 
300 |a xiv, 145 pages :  |b illustrations, map ;  |c 23 cm. 
336 |a text  |b txt  |2 rdacontent 
337 |a unmediated  |b n  |2 rdamedia 
338 |a volume  |b nc  |2 rdacarrier 
504 |a Includes bibliographies. 
650 0 |a Teachers  |x In-service training  |z United States. 
650 0 |a Continuing education  |z United States. 
700 1 |a Houston, W. Robert. 
700 1 |a Pankratz, Roger. 
710 2 |a National Teacher Corps (U.S.) 
710 2 |a Association of Teacher Educators. 
999 |a MARS 
999 f f |s 82319fd8-5605-30f3-9d55-ad6bccbad040  |i 6dd304d4-7b99-392f-866a-7db2e305847a  |t 0 
952 f f |p normal  |a Texas A&M University  |b College Station  |c Sterling C. Evans Library  |d Evans: Library Stacks  |t 0  |e LB1731 .S7118  |h Library of Congress classification  |i unmediated -- volume  |m A14806161136 
998 f f |a LB1731 .S7118  |t 0  |l Evans: Library Stacks